| 000 | 00807cam a2200253 4500 | ||
|---|---|---|---|
| 001 | M1283 | ||
| 008 | 090401t1992 xxu||||| |||| 00| 0 eng d | ||
| 035 | _a(Sirsi) u30934 | ||
| 041 | _aeng | ||
| 050 | _a332.632409492 | ||
| 110 |
_aTrenite van Doorne _92762 |
||
| 245 | _aOutline of principal legal issues relating to real estate investments in the Netherlands. | ||
| 260 |
_aAmsterdam, Netherlands _bTrenite van Doorne _c1992 |
||
| 300 | _a20p. ; 30cm. | ||
| 350 | _a0 | ||
| 490 |
_aMIPIM _v92 |
||
| 520 | _aInternational Property Market (Marche International des Professionnels de l`Immobilier), Cannes 14-17 March 1992. | ||
| 650 | _aFOREIGN INVESTMENT | ||
| 650 | _aLAW | ||
| 650 | _aNETHERLANDS | ||
| 690 | _aPROPERTY-PROPERTY FINANCE AND INVESTMENT | ||
| 942 | _n0 | ||
| 948 | _c04/03/1997 | ||
| 999 |
_c89531 _d89531 |
||